Rosco de Pasapalabra #44 - Estadísticas

Estadísticas generales
  • Esta prueba ha sido intentada 343 veces
  • La puntuación promedio es 12 de 25
Estadísticas de respuestas
Inicial Definición Respuesta % Correcto
C Señal que queda en los tejidos orgánicos tras cerrarse una herida o lesión Cicatriz
94%
F Que está mal atado, poco apretado o poco tirante Flojo
92%
A Bata amplia, generalmente de tela de toalla, que se emplea para cubrirse al salir del baño Albornoz
86%
B Jugador de baloncesto cuya misión fundamental consiste en organizar el juego del equipo Base
79%
D En matemáticas, separar la incógnita de las otras cantidades que la acompañan en una ecuación Despejar
74%
R Se dice de la prenda de vestir que puede usarse por el derecho o por el revés según convenga Reversible
71%
L Atadura que consiste en una o más lazadas sujetas por un nudo Lazo
70%
J Nombre del dios supremo de la mitología romana, identificado con el dios griego Zeus Júpiter
68%
P Hombre que presenta y asiste a quien recibe el bautismo y que contrae con él ciertos compromisos Padrino
65%
N Bollo rectangular relleno, normalmente de chocolate o de crema Napolitana
61%
V Traspasar a alguien por el precio convenido la propiedad de lo que se posee Vender
59%
O Procedimiento para elegir o designar las personas que han de ocupar empleos, particularmente del Estado Oposición
57%
Z Perteneciente o relativo al Zodiaco Zodiacal
56%
H Anchura sobrada Holgura
43%
T Acción y efecto de emplear demasiado tiempo en hacer algo Tardanza
42%
Contiene la Y Condimento originario de la India, compuesto por una mezcla de polvo de diversas especias Curry
41%
S Asociación de organismos vivos de diferentes especies, que conlleva un beneficio mutuo Simbiosis
41%
Contiene la X En un hospital, compartimento que se reserva a enfermos ingresados en urgencias o que necesitan estar aislados Box
31%
E Técnica de exploración visual de una cavidad o conducto del organismo Endoscopia
30%
I Quebrantar o incumplir una ley o una orden Infringir
28%
Contiene la Ñ Sacar lustre o brillo a un metal o una piedra Bruñir
25%
Contiene la Q Moderación en el gasto, o en el empleo o reparto de las cosas Parquedad
5%
G Río de España que discurre por la provincia de Córdoba y atraviesa el embalse de la Colada Guadamatilla
2%
M Sustancia química empleada como revelador en fotografía Metol
2%
U Apellido del artista que, en 1996, fue galardonado con el premio Reina Sofía de Pintura y Escultura Ureña
1%
No se encontraron pruebas coincidentes
Distribución de puntuación
Porcentaje de gente con cada puntuación
Porcentaje por número respondido
Historial de tus puntuaciones
No has intentado esta prueba.